Necklace/Choker: then, menawhile, now. (Record no. 114836)

MARC details
000 -LEADER
fixed length control field 00408 a2200157 4500
005 - DATE AND TIME OF LATEST TRANSACTION
control field 20251110100108.0
008 - FIXED-LENGTH DATA ELEMENTS--GENERAL INFORMATION
fixed length control field 250707b |||||||| |||| 00| 0 eng d
020 ## - INTERNATIONAL STANDARD BOOK NUMBER
International Standard Book Number 9780857428905
080 ## - UNIVERSAL DECIMAL CLASSIFICATION NUMBER
Universal Decimal Classification number F
Item number BOD/N
100 ## - MAIN ENTRY--PERSONAL NAME
Personal name Bodnarova, Jana
245 ## - TITLE STATEMENT
Title Necklace/Choker: then, menawhile, now.
260 ## - PUBLICATION, DISTRIBUTION, ETC. (IMPRINT)
Name of publisher, distributor, etc Seagull books
Place of publication, distribution, etc Calcutta
Date of publication, distribution, etc 2021
300 ## - PHYSICAL DESCRIPTION
Extent 154p.
700 ## - ADDED ENTRY--PERSONAL NAME
Personal name Jonathan Gresty; Tr.by.
942 ## - ADDED ENTRY ELEMENTS (KOHA)
item type Books
Holdings
Lost status Source of classification or shelving scheme Not for loan Home library Current library Date acquired Cost, normal purchase price Total Checkouts Full call number Barcode Date last seen Date checked out Cost, replacement price Price effective from Koha item type
  Universal Decimal Classification   University Library University Library 17/03/2025 479.20 1 F BOD/N 00097174 30/12/2025 05/12/2025 599.00 17/03/2025 Books
University Library, CUSAT